[Integračný proces medzi východnou a západnou Európou]
Recenzia na publikáciu zaoberajúcu sa kľúčovými aspektami integrácie.
Saved in:
| Main Author: | |
|---|---|
| Format: | Book Chapter |
| Language: | Slovak |
| Subjects: | |
| Tags: |
No Tags, Be the first to tag this record!
|
MARC
| LEADER | 00000naa$a2200000$$$4500 | ||
|---|---|---|---|
| 001 | 0094424 | ||
| 005 | 20240502083240.0 | ||
| 041 | 0 | |a slo | |
| 044 | |a CZ | ||
| 245 | 1 | 0 | |a [Integračný proces medzi východnou a západnou Európou] |c Jana Kubicová |
| 520 | |a Recenzia na publikáciu zaoberajúcu sa kľúčovými aspektami integrácie. | ||
| 610 | 2 | 0 | |a integrácia ekonomická medzinárodná |
| 610 | 2 | 0 | |a východná Európa |
| 610 | 2 | 0 | |a západná Európa |
| 610 | 2 | 0 | |a recenzie |
| 610 | 2 | 0 | |a vzťahy hospodárske medzinárodné |
| 610 | 2 | 0 | |a vzťahy hospodárske vonkajšie |
| 610 | 2 | 0 | |a globalizácia |
| 100 | 1 | |a Kubicová, Jana, 1961- | |